Riconosci il Pokémon - Quiz n°1003 - Statistics

Statistiche generali
  • Questo quiz è stato fatto 0 volte
  • Il punteggio medio è 0 su 10
Statistiche sulle risposte
Indizio Risposta % Corretto
Altezza 0,6 m
0%
Sesso 25% ♂, 75% ♀
0%
Peso 5,0 kg; 0,5 kg (Spettro)
0%
Tasso di cattura 60 (14.8%)
0%
Tipo Acqua / Roccia; Spettro (Galar)
0%
Pokémon Corsola
0%
Stadio evoluzione Non si evolve
0%
Generazione Seconda
0%
Abilità Tuttafretta; Alternacura; Rigenergia; Sottilguscio (Galar); Corpofunesto (Galar)
0%
Tasso di allevamento Veloce
0%
Nessun quiz corrispondente trovato
Distribuzione punteggi
Percentuale di utenti per punteggio
Percentile per numero di risposta
I tuoi punteggi nel tempo
Non hai fatto questo quiz